[Event "82nd UKR-ch"]
[Site "Kyiv UKR"]
[Date "2013.06.26"]
[Round "11"]
[White "Kryvoruchko, Yuriy"]
[WhiteElo "2659"]
[Black "Neverov, Valeriy"]
[BlackElo "2515"]
[Result "1-0"]
[EventDate "2013.06.14"]
[PlyCount "55"]

1. e4 c5 2. Nf3 e6 3. d4 cxd4 4. Nxd4 a6 5. Bd3 Bc5 6. Nb3 Ba7 7. Qe2 Ne7 8. Be3 e5 9. c4 d6 10. Nc3 Be6 11. O-O Nd7 12. Rfd1 O-O 13. Bxa7 Rxa7 14. Rd2 Ra8 15. Rad1 Rc8 16. Qe3 Rc6 17. Bf1 Qc7 18. Nd5 Bxd5 19. cxd5 Rb6 20. Rc1 Qd8 21. Na5 Nf6 22. a3 Ng4 23. Qe1 f5 24. f3 Nf6 25. b4 h5 26. Rdc2 Ng6 27. Qe3 f4 28. Qf2 1-0

[Event "82nd UKR-ch"]
[Site "Kyiv UKR"]
[Date "2013.06.26"]
[Round "11"]
[White "Moiseenko, Olexandr"]
[WhiteElo "2711"]
[Black "Bogdanovich, Stanislav"]
[BlackElo "2567"]
[Result "1/2-1/2"]
[EventDate "2013.06.14"]
[PlyCount "62"]

1. d4 d5 2. c4 c6 3. Nf3 Nf6 4. Nc3 dxc4 5. a4 Bf5 6. Nh4 Bc8 7. Nf3 Bf5 8. Ne5 Nbd7 9. Nxc4 Qc7 10. g3 e5 11. dxe5 Nxe5 12. Bf4 Nfd7 13. Bg2 g5 14. Bxe5 Nxe5 15. Qd4 f6 16. O-O Be7 17. Ne3 Bg6 18. a5 O-O 19. a6 Rfd8 20. Qa4 b5 21. Qb3+ Kf8 22. Rfc1 Qb6 23. Qe6 Rd6 24. Qh3 h5 25. Be4 Bf7 26. Qf5 Bg6 27. Qh3 Bf7 28. Qf5 Bg6 29. Qh3 Bf7 30. Qf5 Bg6 31. Qh3 Bf7 1/2-1/2